Los abonos químicos : (Record no. 167616)
[ view plain ]
| 000 -LEADER | |
|---|---|
| campo de control de longitud fija | 00827nam a2200169 i 4500 |
| 001 - NÚMERO DE CONTROL | |
| campo de control | 167616 |
| 003 - IDENTIFICADOR DE NÚMERO DE CONTROL | |
| campo de control | ES-MaACL |
| 005 - FECHA Y HORA DE LA ÚLTIMA TRANSACCIÓN | |
| campo de control | 20230906213548.0 |
| 008 - DATOS DE LONGITUD FIJA--INFORMACIÓN GENERAL | |
| campo de control de longitud fija | 960320s1871 sp af |||| | spa d |
| 100 1# - ENTRADA PRINCIPAL--NOMBRE DE PERSONA | |
| Nombre de persona | Ville, Georges. |
| 9 (RLIN) | 115196 |
| 245 14 - MENCIÓN DEL TÍTULO | |
| Título | Los abonos químicos : |
| Resto del título | conferencias agrícolas dadas en el campo de experiencias de Vincennes en la temporada de 1867 / |
| Mención de responsabilidad, etc. | por Jorge Ville ; traducidas de la tercera edición, para ser leídas en la Sociedad Económica Leonesa de Amigos del País por Don Pedro Fernández Soba. |
| 260 ## - PUBLICACIÓN, DISTRIBUCIÓN, ETC. | |
| Lugar de publicación, distribución, etc. | León : |
| Nombre del editor, distribuidor, etc. | [s.n.], |
| Fecha de publicación, distribución, etc. | 1871 ( |
| Fabricante | Imp. de Miñón) |
| 300 ## - DESCRIPCIÓN FÍSICA | |
| Extensión | XXXI, 254 p., [1] h. de lám. grab. pleg. : |
| Otras características físicas | il. ; |
| Dimensiones | 19 cm. |
| 650 #4 - PUNTO DE ACCESO ADICIONAL DE MATERIA--TÉRMINO DE MATERIA | |
| Término de materia o nombre geográfico como elemento de entrada | Fertilizantes. |
| 9 (RLIN) | 136105 |
| 710 2# - ENTRADA AGREGADA--NOMBRE DE ENTIDAD CORPORATIVA | |
| Nombre de entidad corporativa o nombre de jurisdicción como elemento de entrada | Sociedad Económica de Amigos del País de León. |
| 9 (RLIN) | 173026 |
| 852 ## - LOCALIZACIÓN | |
| Ubicación | ES-MaACL |
| Número de control de estantería | C-12120 |
| Nota libre | - Enc. pasta española |
| Estatus retirado | Estado de pérdida | Estado de daño | No para préstamo | Colección | Biblioteca de origen | Biblioteca actual | Ubicación en estantería | Fecha de adquisición | Fuente de adquisición | Total de préstamos | Signatura topográfica completa | Código de barras | Visto por última vez | Precio de reemplazo | Tipo de ítem Koha |
|---|---|---|---|---|---|---|---|---|---|---|---|---|---|---|---|
| Libros del s. XIX | Biblioteca del Ateneo de Madrid | Biblioteca del Ateneo de Madrid | Sala Palomar | 17/01/2008 | C-12120 | 1175849 | 23/02/2023 | 23/02/2023 | Libro impreso antiguo |
